| 000 | 00486nam a2200193Ia 4500 | ||
|---|---|---|---|
| 008 | 170918s9999 xx 000 0 und d | ||
| 020 | _a9780670882571 | ||
| 050 | _bL847 1999 | ||
| 100 | _aLondon, Jonathan | ||
| 245 | _aFroggy plays soccer / | ||
| 245 | _cby Jonathan London ; illustrated by Frank Remkiewicz. | ||
| 260 | _aNew York : | ||
| 260 | _bViking, | ||
| 260 | _c1999 | ||
| 300 | _aunpaged : | ||
| 300 | _bcolored illustration ; | ||
| 300 | _c21cm. | ||
| 500 | _a100 | ||
| 999 |
_c342946 _d342946 |
||